| 000 -LEADER |
| fixed length control field |
00830cam a22002774a 4500 |
| 001 - CONTROL NUMBER |
| control field |
13702019 |
| 005 - DATE AND TIME OF LATEST TRANSACTION |
| control field |
20180223070405.0 |
| 008 - FIXED-LENGTH DATA ELEMENTS--GENERAL INFORMATION |
| fixed length control field |
040827s2005 nyua b 001 0 eng |
| 010 ## - LIBRARY OF CONGRESS CONTROL NUMBER |
| LC control number |
2004058754 |
| 020 ## - INTERNATIONAL STANDARD BOOK NUMBER |
| International Standard Book Number |
0071437797 |
| 035 ## - SYSTEM CONTROL NUMBER |
| System control number |
(DNLM)101228418 |
| 040 ## - CATALOGING SOURCE |
| Original cataloging agency |
DNLM/DLC |
| Transcribing agency |
DLC |
| Modifying agency |
DLC |
| 041 ## - LANGUAGE CODE |
| Language code of text/sound track or separate title |
eng |
| 042 ## - AUTHENTICATION CODE |
| Authentication code |
pcc |
| 060 10 - NATIONAL LIBRARY OF MEDICINE CALL NUMBER |
| Classification number |
QS18.2 |
| Item number |
C337 2005 |
| 080 ## - UNIVERSAL DECIMAL CLASSIFICATION NUMBER |
| Universal Decimal Classification number |
611 ros |
| 082 00 - DEWEY DECIMAL CLASSIFICATION NUMBER |
| Classification number |
611 ros |
| Edition number |
22 |
| 100 ## - Rafti |
| Rafti |
6 |
| 101 ## - Shkurtesa |
| Shkurtesa |
ana |
| 245 00 - TITLE STATEMENT |
| Title |
Case files. |
| Name of part/section of a work |
Gross anatomy / |
| Statement of responsibility, etc |
Eugene C. Toy ... [et al.] |
| 246 30 - VARYING FORM OF TITLE |
| Title proper/short title |
Gross anatomy |
| 504 ## - BIBLIOGRAPHY, ETC. NOTE |
| Bibliography, etc |
Includes bibliographical references and index. |
| 906 ## - LOCAL DATA ELEMENT F, LDF (RLIN) |
| a |
7 |
| b |
cbc |
| c |
orignew |
| d |
1 |
| e |
ocip |
| f |
20 |
| g |
y-gencatlg |
| 942 ## - ADDED ENTRY ELEMENTS (KOHA) |
| Source of classification or shelving scheme |
|
| Item type |
Books |